Quizzes
Events
Quiz Creation
Community
Videos
Private Events
Remove Ads
Sign In
Join for FREE
Feedback
Dark Mode
Quiz Categories
Sports
Geography
Music
Movies
Television
Just For Fun
Miscellaneous
History
Literature
Language
Science
Gaming
Entertainment
Religion
Holiday
For Kids
Quiz Lab
Recent
Popular Today
Quiz Kudos Today
Editor Picks
Curator Picks
Quizzes by...
Day
Popularity
Type
Ratings
Length
Year
Community
Subscriptions
Recent Discussions
Orange Saloon
Badges
Playlists
Quests
Create
Leaderboards
Showdown
Live 5
Trivia Bingo
Activity
Puzzle Library
Sporcle Events
Private Events
Virtual Trivia
Globe League
Become a Host
Pub Owners
SporcleCon
Opinionation
Our Games
Videos
Blog
Mobile Apps
Partnerships
Remove Ads and Go Orange
Feedback
Literature
Harry Potter
A Song of Ice and Fire
The Hunger Games
Literary Character
Shakespeare
Book
Author
Novel
Poem
Young Adult
Children's Books
Play
Lord of the Rings
Literature
Harry Potter
A Song of Ice and Fire
The Hunger Games
Literary Character
Shakespeare
Book
Author
Novel
Poem
Young Adult
Children's Books
Play
Lord of the Rings
Random Quiz
Search Sporcle
×
Quiz Lab
Quiz Lab
Literature
Missing Word
Type in answers that appear in a list
Type in answers that appear in a list
Classic
Best Score? Go Orange.
Drawing a Blank: Harry Potter Stats
Can you name the missing Harry Potter-related words?
By
pitseleh
2m
42 Questions
3,680 Plays
3,680 Plays
3,680 Plays
Comments
Comments
Give Quiz Kudos
Give Quiz Kudos
-
- Ratings
hide this ad
No Skip
Answers have to be entered in order without skipping
Answers have to be entered in order without skipping
Replay
Link that replays current quiz
Next Quiz
Link to next quiz in quiz playlist
You Got
0%
They Got
Avg Score
56%
Avg Friend Score
Upgrade to see
Score Distribution
Jump to the score distribution portion of the page
Score
0/42
Timer
02:00
0
Plays Today
Blank
Answer
% Correct
?
???
100%
?
???
97.2%
?
???
90%
?
???
89.8%
?
???
88.7%
?
???
87%
?
???
85.5%
?
???
83.1%
?
???
79.5%
?
???
79.4%
?
???
78.2%
?
???
76.4%
?
???
73.7%
?
???
73.2%
?
???
72.7%
?
???
72.1%
?
???
66.8%
?
???
66.1%
?
???
65.7%
?
???
62.4%
?
???
58.8%
Blank
Answer
% Correct
?
???
57.9%
?
???
55.3%
?
???
55%
?
???
54.5%
?
???
52.9%
?
???
51.2%
?
???
50%
?
???
49.3%
?
???
40.8%
?
???
39.7%
?
???
29.3%
?
???
27.9%
?
???
26.6%
?
???
26%
?
???
25.2%
?
???
23.7%
?
???
22.1%
?
???
21.3%
?
???
20.5%
?
???
19.6%
?
???
14.3%
Quiz Playlist
Details
Report
Send in Message
Add To Playlist
Classic:
Type in answers that appear in a list
No Skip:
Answers have to be entered in order without skipping
Last Updated: Mar 15, 2017
Quiz Scoreboard
CHALLENGE
Sign Up to Join the Scoreboard
Show All
Scores
Hide
Comments
May contain spoilers
Recently Published
NBA Finals Game Top Scorers (2010s)
by flibbidy
Sports
5m
Guess the 'R' Things in 3 Words
by MSUKent
Miscellaneous
3m
Actor to Badly Drawn Movie III
by MoMosMoProblems
Movies
5m
More to Explore
Quiz From the Vault
Featured Blog Post
Where Does Lost Luggage Go?
hide this ad
You Might Also Like...
Tags
Harry Potter Quiz
Missing Word Quiz
blank
Category
Drawing
Edition
Today's Top Quizzes in Literature
Browse Literature
hide this ad
Today's Top Quizzes in Missing Word
Browse Missing Word
Top Contributed Quizzes in Literature
1
3-Word Books in 1 Word II
2
Mad Scientists in Literature
3
Image Sorting: Children's Book Characters
4
Pick 3: Harry Potter Hogwarts Quidditch Players
5
Harry Potter Logic Quiz New
6
HP Logic Puzzle: 'Eyes green as fresh-picked toads...'
7
Quick Pick: Margaret Atwood Novels
8
Quick Pick: Literary Title Characters 1
9
Sneaky Slytherin Logic Puzzle
10
Literature Missing Word Rainbow
Explore More
Trending Topics
Crossword
Disney
Marvel
NBA
Kpop
Harry Potter
Anime
NFL
Country
The Office
Puzzle
Soccer
Pokémon
Song
WWE
hide this ad
More By:
pitseleh
Quiz
Plays
Rating
Category
Featured
Created
Harry Potter Characters in Chapter Titles
66,806
4.55
Literature
Mar 22, 2011
Drawing a Blank: Harry Potter
3,680
4.24
Literature
Oct 19, 2012
Names of Minor Harry Potter Characters
2,562
4.61
Literature
Jul 11, 2012
Harry Potter Name Match
472
4.50
Literature
Feb 8, 2013
Harry Potter Vowel-less Chapter Titles
218
5.00
Literature
Sep 9, 2012
Go to Creator's Profile
Score Distribution
Quiz Creator Spotlight
pitseleh
Follow
Send a Message
Quizzes Created
-
Created Quiz Play Count
-
More By This Creator
Popular Quizzes Today
1
Find the US States - No Outlines Minefield
2
Find the US States
3
The Countries of the World
4
10 Largest US States in Order
5
Find the Countries of Europe - No Outlines Minefield
6
US States
7
Guess the 'R' Things in 3 Words
8
NBA Finals Game Top Scorers (2010s)
More Literature Quizzes
Literary Starbucks
Curator's Pick
Trending Quizzes
First Name TV: Leading Men
Match the Book to the Film II
3-Word Movies in 1 Word II
First Name TV: Leading Women Drama
Match the Book to the Film VI
Recently Updated
Women's Final Four Teams by Year
bhenderson79
Presidents Quartet II
eogle
Anything But Clue(do)
eogle
Anything But Oceanian Capitals
eogle
Anything But 7
eogle
Anything But Thing
eogle
Word Ladder: February 29
pecheneg
Song Title Questions
pecheneg
Women's NCAA Tournament #1 Seeds
pecheneg
Celebrity Mug Shots
pecheneg
Trending Topics
Disney
Crossword
Anime
Harry Potter
Kpop
NBA
Marvel
NFL
Song
Puzzle
WWE
Country
Soccer
The Office
Pokémon
Your Account Isn't Verified!
In order to create a playlist on Sporcle, you need to verify the email address you used during registration. Go to your
Sporcle Settings
to finish the process.
Report this User
Report this user for behavior that violates our
Community Guidelines
.
Details:
Send Report
Go to the Sporcle.com Mobile Site →
Comments